| 000 | 00876nam a2200205Ia 4500 | ||
|---|---|---|---|
| 003 | OSt | ||
| 005 | 20241003111103.0 | ||
| 007 | ca aa aaaaa | ||
| 008 | 201103s9999 xx 000 0 und d | ||
| 040 | _cSSBUL | ||
| 041 | _abur | ||
| 082 |
_223 _a၂၉၄.၃ ပ _b၉၃၆၈ S-SAT |
||
| 100 | 0 |
_a ပညာဇောတ၊ ဦး၊ သာသနာ့မဏ္ဍိုင်ဆရာတော် _917431 |
|
| 245 | 1 | 0 |
_aဗုဒ္ဓဘာသာလမ်းညွှန်တရားမွန် / _cသာသနာ့မဏ္ဍိုင်ဆရာတော် ဦးပညာဇာတ။ |
| 260 |
_aရန်ကုန် ၊ _bစကြာစာပေ၊ _c[၁၉၇၄]။ |
||
| 300 |
_a၁၂၈ စာမျက်နှာ ၊ _c၁၈ စင်တီ။ |
||
| 500 | _aS-SAT: Prof. Sai Aung Tun | ||
| 650 | _aဗုဒ္ဓဘာသာ | ||
| 942 |
_2ddc _cBK1 |
||
| 999 |
_c16873 _d16873 |
||